Les 15 Plus Grandes Villes de France - Statistiques

Statistiques générales
  • Ce quiz a été pris 114 fois
  • Le résultat moyen est 12 sur 15
Statistiques - réponses
Population Ville % Correct
1.7m Marseille
100%
11.4m Paris
100%
1.8m Lyon
98%
1.0m Nice
96%
1.1m Lille
95%
1.1m Toulouse
95%
1.0m Bordeaux
92%
492,925 Strasbourg
90%
716,952 Nantes
84%
490,812 Montpellier
80%
383,621 Saint-Etienne
68%
596,228 Toulon
62%
547,057 Grenoble
60%
481,335 Rouen
44%
486,710 Avignon
13%
Aucun quiz correspondant
Distribution des résultats
% des personnes avec chaque résultat
Percentile par nombre de réponses
Votre historique - résultats
Vous n’avez pas pris ce quiz